Регионална библиотека "Любен Каравелов" - Русе

Утопия | Градът на Слънцето (Запис номер 135326)

MARC детайли
000 -Лидер
Контролно поле с фиксирана дължина 01892nam a2200397 c 4500
003 - Код на организацията, давaща контролен номер
Контролно поле BLK
005 - Дата и час на последна редакция
Контролно поле 20231229114057.0
008 - Елементи от данни с фиксирана дължина
fixed length control field 180409b bul|||||r ||||||| ||bul||
010 ## - Наследен системен номер
LC control number KNG00141252000
040 ## - Източник на каталожния запис
Идентификатор на билиотеката - собственик на записа BLK
041 ## - Код за език
Код за езика на текст/звукозапис или на отделно заглавие Български
Код за езика КДБФ Български
080 ## - УДК
Текстов определител УДК Домарксически социалистически школи. Утопичен социализъм
УДК код - определител по УДК 141.81
УДК - код + определител 141.81
100 1# - Редна дума - Автор
Автор Мор, Томас
Авторска отговорност първи автор
R(LIN) 378576
139 ## - Редно поле
Редна дума Мор, Томас и др.
Авторски знак Мор - М 89
245 10 - Сведения за заглавието
Заглавие Утопия
Редно поле (дума) Томас Мор; прев. от лат. Александър Иванов Милев
245 10 - Сведения за заглавието
Заглавие Градът на Слънцето
Редно поле (дума) Томазо Кампанела ; прев. от лат. Любомир Боянов Павлов ; с предг. от Нешо Давидов
257 ## - Страна на издаване
Страна на създаване/издаване Италия
260 ## - Област на издателските данни
Място на издаване, разпространение и проч. София
Име на издателя, разпространителя и проч. Нар. култура
Година на издаване 1984
300 ## - Физическа характеристика
Страници 239 с
Размери/Мащаб 21 см
380 ## - Жанр
Жанр Философия
490 ## - СЕРИИ (Колекции)
Име на серия Библиотека Световна класика
9 (RLIN) 201621
500 ## - Общи забележки
Забележка Ориг. загл. Utopia / Thomas More ; Civitas solis / Tommaso Campanella. - В кн. означено 2. изд. - 25 125 тир.
650 #4 - Допълнително описание по предмет – тема
Основно описание – тема или топоним Утопичен социализъм
9 (RLIN) 174928
653 ## - Ключова дума – ненормативна
Ключова дума утопичен социализъм
700 1# - Други автори (авторска отговорност)
Лично име Милев, Александър Иванов
Автороска отговорност (Описва отношението между автора и произведението) прев. от лат.
9 (RLIN) 377355
700 ## - Други автори (авторска отговорност)
Лично име Кампанела, Томазо
Автороска отговорност (Описва отношението между автора и произведението) съавт.
9 (RLIN) 1445
700 ## - Други автори (авторска отговорност)
Лично име Павлов, Любомир Боянов
Автороска отговорност (Описва отношението между автора и произведението) прев.
9 (RLIN) 966
700 ## - Други автори (авторска отговорност)
Лично име Давидов, Нешо
Автороска отговорност (Описва отношението между автора и произведението) предг.
9 (RLIN) 401063
852 ## - Местоположение
Форматна сигнатура Цб 125661
856 4# - Електронен адрес и достъп
Електронен формат pdf - файл
Инструкция (цена за достъп) 0.00
Права за достъп disable
856 4# - Електронен адрес и достъп
Електронен формат pdf - файл
Инструкция (цена за достъп) 0.00
Права за достъп disable
999 ## - СИСТЕМНИ КОНТРОЛНИ НОМЕРА
Koha biblionumber 135326
Koha biblioitemnumber 135326
942 ## - АРТИКУЛИ
Вид на библиотечния материал Книги
Скрит в OPAC Не
Koha issues (borrowed), all copies 9
Периодичен библиозапис Да
944 ## - СЪЗДАВАНЕ И РЕДАКЦИЯ на ЗАПИСА
Създаване/Редакция Създаване
Дата на регистрацията/редакция 21.03.2013
Статус, дата на статуса Цветелина Шанова
Служител, извършил регистрацията/редакцията 30531
944 ## - СЪЗДАВАНЕ И РЕДАКЦИЯ на ЗАПИСА
Създаване/Редакция Редакция
Дата на регистрацията/редакция 21.03.2013
Статус, дата на статуса 21.03.2013 - от С1,Р / 21.03.2013
999 ## - СИСТЕМНИ КОНТРОЛНИ НОМЕРА
Koha biblioitemnumber 135326
Наличности
Код за отписване Код за изгубен артикул Източник на класификационната схема Код за повреда Коз за рестрикции Код за отдаване Артикулен № Име на библиотеката - собственик Име на библиотеката, в която се намира в момента Статус (Текущо местоположение) Дата на вписване в системата Местоположение - отдел Цена в лева Инвентарен номер Систематично азбучна сигнатура Баркод Номер на екземпляра Цена в евро Служебна бележка Служебен тип на артикула
  Не е изгубен Universal Decimal Classification Не е повреден без рестрикции ползва се в читалня 221201 Регионална библиотека "Любен Каравелов" Русе Регионална библиотека "Любен Каравелов" Русе Хранилище 1984-01-01 Хранилище 2.10 402390 Цб 125661 900000012698 1 1.07 Дост: Dp Вид: Д N: стар фонд Дата: 01.01.1984 Книги
  Не е изгубен Universal Decimal Classification Не е повреден без рестрикции заемане за дома 221202 Регионална библиотека "Любен Каравелов" Русе Регионална библиотека "Любен Каравелов" Русе Заемна - подръчен фонд 1984-01-01 Заемна - подръчен фонд 2.10 401924 П 141.8/М 89 120000401924 2 1.07 Дост: Pk Вид: Ф N: стар фонд Дата: 01.01.1984 Дата инв: 07.03.2018 Бележки инв: П2018 Книги
Изтеглен Не е изгубен Universal Decimal Classification Не е повреден без рестрикции заемане за дома 221203 Регионална библиотека "Любен Каравелов" Русе Регионална библиотека "Любен Каравелов" Русе Заемна - подръчен фонд 1984-01-01 Заемна - подръчен фонд 2.10 401925 П 141.8/М 89 401925 3 1.07 Дост: Pk Вид: Ф N: стар фонд Дата: 01.01.1984 Дата инв: 01.02.2018 Бележки инв: П2018 Книги
Vip Innovations Ltd, Rousse, Bulgaria 2025